Wygrane FIFA World Cup - Statystyki

Ogólne statystyki
  • Ten quiz został rozwiązany 1 234 razy
  • Średni wynik to 13 z 15
Statystyki odpowiedzi
Rok Wygrani % Poprawnych
2002 Brazylia
98%
1994 Brazylia
98%
1962 Brazylia
98%
2014 Niemcy
97%
1986 Argentyna
96%
1978 Argentyna
96%
2018 Francja
96%
2010 Hiszpania
93%
1982 Włochy
90%
2006 Włochy
90%
1930 Urugwaj
87%
1950 Urugwaj
87%
1966 Anglia
83%
1990 RFN
40%
1974 RFN
40%
Nie znaleziono quizów pasujących do podanych kryteriów
Rozkład punktacji
Procent ludzi z każdym wynikiem
Percentyl według liczby udzielonych odpowiedzi
Twoja historia wyników
Nie rozwiązałeś tego quizu